000
00260nam a22001097a 4500
003
OSt
008
210118b ||||| |||| 00| 0 eng d
082
_a
624.1517
_b
DAV/SU
100
_a
Davis, M. S
_9
4891
245
_a
Surveying technology and practice
942
_c
BK
999
_c
16675
_d
16675